00318nam a2200121Ia 4500008004100000041000800041082001700049100001800066245004000084260004100124300002400165365000700189240624s9999 xx 000 0 und d aeng a658.4092 CAP aCAPEZIO PETER aSECRETS OF BREAK THROUGH LEADERSHIP c1998aMumbaibJaico Publishing House a233 : p. : cm. ; 25 cRS